MATLAB Programming (Record no. 3264)

MARC details
000 -LEADER
fixed length control field 00318nam a2200133Ia 4500
008 - FIXED-LENGTH DATA ELEMENTS--GENERAL INFORMATION
fixed length control field 191201s2007 xx 000 0 und d
082 ## - DEWEY DECIMAL CLASSIFICATION NUMBER
Classification number 005.131
Item number SIM
100 ## - MAIN ENTRY--PERSONAL NAME
Personal name SINGH, kirani Y
245 #0 - TITLE STATEMENT
Title MATLAB Programming
260 ## - PUBLICATION, DISTRIBUTION, ETC. (IMPRINT)
Place of publication, distribution, etc N.Delhi
Name of publisher, distributor, etc Prentice Hall
Date of publication, distribution, etc 2007
300 ## - PHYSICAL DESCRIPTION
Extent 370
650 ## - SUBJECT ADDED ENTRY--TOPICAL TERM
Topical term or geographic name as entry element B.Tech(IT)
942 ## - ADDED ENTRY ELEMENTS (KOHA)
Source of classification or shelving scheme Dewey Decimal Classification
Koha item type Text Books
Holdings
Withdrawn status Lost status Source of classification or shelving scheme Damaged status Not for loan Collection code Home library Current library Date acquired Source of acquisition Cost, normal purchase price Bill Number Total Checkouts Full call number Acc. no. / Barcode Date last seen Bill Date Koha item type Checked out Date last borrowed
    Dewey Decimal Classification     B.Tech(CSE) PIET C-LIBRARY PIET C-LIBRARY 26/08/2007 UDH, Delhi 250.00 949   005.131 SIM 8098 04/12/2019 07/09/2007 Text Books    
    Dewey Decimal Classification     B.Tech(CSE) PIET C-LIBRARY PIET C-LIBRARY 26/08/2007 UDH, Delhi 250.00 949 1 005.131 SIM 8099 14/02/2022 07/09/2007 Text Books 15/08/2022 14/02/2022
    Dewey Decimal Classification     B.Tech(CSE) PIET C-LIBRARY PIET C-LIBRARY 28/09/2007 J B C, New Delhi 250.00 1092   005.131 SIM 8403 04/12/2019 24/09/2007 Text Books    

Design & Developed by: PIET Central Library
R70 Miles Stone Pattikalyana Samalkha Panipat 132102
mail ID :- [email protected], Phone No:- 0180-2569700 Ex.216